| 000 | 00492nam a2200193Ia 4500 | ||
|---|---|---|---|
| 008 | 180207s9999 xx 000 0 und d | ||
| 020 | _a9780439560900 | ||
| 050 | _bT164 2003 | ||
| 100 | _aTang, Greg | ||
| 245 | _aMath-terpieces : | ||
| 245 | _bthe art of problem-solving / | ||
| 245 | _cGreg Tang ; illustrated by Greg Paprocki. | ||
| 260 | _aNew York : | ||
| 260 | _bScholastic, | ||
| 260 | _c2003 | ||
| 300 | _a31 pages : | ||
| 300 | _bcolor illustration ; | ||
| 300 | _c26cm. | ||
| 999 |
_c355384 _d355384 |
||